ديوان إبن أبي حصينه / (رقم التسجيلة. 8607)
[ عرض عادي ]
| 000 -LEADER | |
|---|---|
| fixed length control field | 00595nam a22001817a 4500 |
| 005 - DATE AND TIME OF LATEST TRANSACTION | |
| control field | 20251108164308.0 |
| 008 - FIXED-LENGTH DATA ELEMENTS--GENERAL INFORMATION | |
| fixed length control field | 250721s1956 xx 000 0 ara d |
| 082 14 - DEWEY DECIMAL CLASSIFICATION NUMBER | |
| Classification number | 811.6/حصي |
| 100 1# - MAIN ENTRY--PERSONAL NAME | |
| Personal name | إبن أبي حصنيه، أبو الفتح الحسن بن عبد الله |
| 245 10 - TITLE STATEMENT | |
| Title | ديوان إبن أبي حصينه / |
| 264 1# - PRODUCTION, PUBLICATION, DISTRIBUTION, MANUFACTURE, AND COPYRIGHT NOTICE | |
| Place of production, publication, distribution, manufacture | دمشق : |
| Name of producer, publisher, distributor, manufacturer | المجمع العلمي العربي، |
| Date of production, publication, distribution, manufacture, or copyright notice | 1956. |
| 300 ## - PHYSICAL DESCRIPTION | |
| Extent | 2ج |
| 650 17 - SUBJECT ADDED ENTRY--TOPICAL TERM | |
| Topical term or geographic name as entry element | الشعر العربي |
| 650 17 - SUBJECT ADDED ENTRY--TOPICAL TERM | |
| Topical term or geographic name as entry element | العصر العباسي |
| 700 1# - ADDED ENTRY--PERSONAL NAME | |
| Personal name | المعري، أبو العلاء |
| Relator term | شرح |
| 942 ## - ADDED ENTRY ELEMENTS (KOHA) | |
| Source of classification or shelving scheme | Dewey Decimal Classification |
| Koha item type | كتب |
| حالة السحب | حالة الفقدان | مصدر التصنيف | حالة التلف | غير قابل للإعارة | المكتبة الرئيسية | المكتبة الحالية | موقع الرف | تاريخ التزويد | الرقم المتسلسل | Total Checkouts | رقم الإستدعاء | الباركود | تاريخ آخر ظهور | تاريخ الفاتورة | نوع المادة (كوها) |
|---|---|---|---|---|---|---|---|---|---|---|---|---|---|---|---|
| Dewey Decimal Classification | المكتبة المركزية | المكتبة المركزية | الإعارة | 06/07/2004 | 13950 | 811.6/حصي | DUP-01_13950 | 28/07/2025 | 06/07/2004 | كتب | |||||
| Dewey Decimal Classification | المكتبة المركزية | المكتبة المركزية | الإعارة | 06/07/2004 | 35831 | 811.6/حصي | 35831 | 28/07/2025 | 06/07/2004 | كتب | |||||
| Dewey Decimal Classification | المكتبة المركزية | المكتبة المركزية | الإعارة | 06/07/2004 | 35832 | 811.6/حصي | 35832 | 28/07/2025 | 06/07/2004 | كتب |